Statistics for U.S. Baby Boy Names by Letter

Click here to take the quiz!

General Stats

  • This quiz has been taken 80,185 times
    (23,038 since last reset)
  • The average score is 17 of 26

Answer Stats

Names% Correct
JJames | Jack | Jackson | John | Joseph
93%
AAlexander | Asher | Aiden | Anthony | Andrew
86%
DDaniel | David | Dylan | Dominic | Damian
84%
MMateo | Michael | Mason | Matthew | Maverick
83%
OOliver | Owen | Oscar | Omar | Otto
81%
CCarter | Charles | Caleb | Cooper | Christopher
80%
NNoah | Nathan | Nolan | Nicholas | Nathaniel
80%
LLiam | Lucas | Levi | Leo | Luca
79%
PParker | Peter | Patrick | Preston | Paxton
78%
WWilliam | Wyatt | Waylon | Wesley | Walker
78%
TTheodore | Thomas | Theo | Thiago | Tyler
76%
RRoman | Ryan | Robert | Rowan | River
74%
HHenry | Hudson | Hunter | Harrison | Hayden
71%
IIsaac | Isaiah | Ian | Ivan | Israel
70%
EElijah | Ethan | Ezra | Elias | Ezekiel
68%
XXavier | Xander | Xzavier | Xavion | Xavi
68%
QQuinn | Quentin | Quincy | Quinton | Quintin
67%
ZZion | Zachary | Zayden | Zane | Zayn
66%
VVincent | Victor | Valentino | Vicente | Vincenzo
63%
SSebastian | Samuel | Santiago | Silas | Sawyer
61%
BBenjamin | Brooks | Bennett | Beau | Bryson
60%
KKai | Kayden | Kingston | Kaiden | Kevin
54%
FFinn | Felix | Finley | Francisco | Fernando
43%
GGabriel | Grayson | Greyson | Gael | Giovanni
35%
UUriel | Uriah | Ulises | Ulysses | Umar
30%
YYusuf | Yosef | Yehuda | Yahir | Yousef
13%

Score Distribution

Percentile by Number Answered

Percent of People with Each Score

Your Score History

You have not taken this quiz since the last reset